Länder Europas mit dem größten Anteil an Meeresinseln - Statistiken

Allgemein
  • Dieses Quiz wurde 109 mal gespielt
  • Das Durchschnittsergebnis liegt bei 13 aus 15
Antwortstatistiken
Tipp Antwort % Korrekt
2,2% Frankreich
97%
16,9% Italien
97%
2,5% Spanien
97%
19,0% Griechenland
96%
20,3% Norwegen
96%
1,6% Schweden
96%
0,6% Deutschland
93%
3,4% Portugal
91%
5,8% Kroatien
90%
1,0% Finnland
89%
44,6% Dänemark
88%
9,0% Niederlande
87%
1,2% Russland
78%
0,1% Polen
76%
8,9% Estland
69%
Keine übereinstimmenden Quizze gefunden
Verteilung der Resultate
Anzahl Personen mit jedem Resultat
Perzentil nach korrekt beantworteten Fragen
Ihre Resultats-Entwicklung
Sie haben dieses Quiz noch nicht gespielt